| 000 | 00601nam a2200181 4500 | ||
|---|---|---|---|
| 001 | 131049 | ||
| 003 | ES-MaACL | ||
| 005 | 20230906193914.0 | ||
| 007 | t| | ||
| 008 | 070214s1948 sp r ||||1| spa d | ||
| 100 | 1 |
_aRochow, Eugenio G. _998075 |
|
| 245 | 1 | 0 |
_aIntroducción a la Química de la siliconas / _cpor Eugenio G. Rochow ; traducción de Francisco Sierra Jiménez. |
| 250 | _a1ª. ed. española. | ||
| 260 |
_aBarcelona : _bManuel Marín, _c1948. |
||
| 300 |
_a138 p., 1 lám. : _bil. ; _c25 cm. |
||
| 700 | 1 |
_aSierra Jiménez, Francisco. _9106277 |
|
| 852 |
_aES-MaACL _jD-7116 _bR.26528 |
||
| 999 |
_c131049 _d131049 |
||